|
|
|
|
| LEADER |
01844nam a2200349 a 4500 |
| 001 |
00026133 |
| 003 |
BD-DhAAL |
| 005 |
20250625163921.0 |
| 008 |
021108r20162009ii a b 001 0 eng d |
| 020 |
|
|
|a 9780071263283
|
| 020 |
|
|
|a 0071263284
|
| 020 |
|
|
|a 9789339205057
|
| 020 |
|
|
|a 9339205154
|
| 040 |
|
|
|a DLC
|c DLC
|d DLC
|d BD-DhAAL
|d BD-DhAAL
|
| 082 |
0 |
0 |
|a 515.93
|2 21
|
| 100 |
1 |
|
|a Brown, James Ward.
|9 25784
|
| 245 |
1 |
0 |
|a Complex variables and applications /
|c James Ward Brown, Ruel V. Churchill.
|
| 250 |
|
|
|a Eight edition.
|
| 260 |
|
|
|a New Delhi ;
|a Boston :
|b McGraw-Hill Higher Education,
|c c2009 [reprinted 2016].
|
| 300 |
|
|
|a xi, 468 pages :
|b illustrations ;
|c 25 cm.
|
| 504 |
|
|
|a Includes bibliographical references (pages 449-451) and index.
|
| 526 |
|
|
|a AAL
|
| 541 |
1 |
|
|e 00026133
|
| 650 |
|
0 |
|a Functions of complex variables.
|9 25785
|
| 700 |
1 |
|
|a Churchill, Ruel V.
|q (Ruel Vance),
|d 1899-1987.
|9 25786
|
| 852 |
1 |
|
|a Ayesha Abed Library
|j General Stacks
|
| 942 |
0 |
0 |
|0 2
|2 ddc
|c BK
|
| 999 |
|
|
|c 12888
|d 12888
|
| 952 |
|
|
|0 0
|1 0
|4 0
|6 515_930000000000000_BRO
|7 0
|9 21242
|a BRACUL
|b BRACUL
|c GEN
|d 2012-10-08
|e Karim International
|g 2370.00
|l 25
|m 247
|o 515.93 BRO
|p 3010026133
|r 2025-10-13
|s 2025-05-25
|t 1
|w 2012-10-08
|y BK
|
| 952 |
|
|
|0 0
|1 0
|4 0
|6 515_930000000000000_BRO
|7 0
|9 21243
|a BRACUL
|b BRACUL
|c GEN
|d 2012-10-08
|e Karim International
|g 2370.00
|l 36
|m 303
|o 515.93 BRO
|p 3010026134
|r 2024-12-29
|s 2024-12-08
|t 2
|w 2012-10-08
|y BK
|
| 952 |
|
|
|0 0
|1 0
|4 0
|6 515_930000000000000_BRO
|7 0
|9 21244
|a BRACUL
|b BRACUL
|c GEN
|d 2012-10-08
|e Karim International
|g 2370.00
|l 29
|m 314
|o 515.93 BRO
|p 3010026135
|r 2025-04-09
|s 2025-02-19
|t 3
|w 2012-10-08
|y BK
|
| 952 |
|
|
|0 0
|1 0
|2 ddc
|4 0
|6 515_930000000000000_BRO
|7 0
|9 63277
|a BRACUL
|b BRACUL
|c GEN
|d 2012-10-08
|l 16
|m 164
|o 515.93 BRO
|p 3010008710
|r 2026-05-03
|s 2026-04-12
|t 4
|w 2012-10-08
|y BK
|x Due to lost 6th edition, replaced by 8th edition (Acc.# 8710).
|